000 00673cam a22002413a 4500
001 22472
003 PGUSA
005 20140828083458.0
008 070831s2007||||xxu|||||s|||||000 | eng d
040 _aPGUSA
_beng
042 _adc
050 4 _aQC
100 1 _aFort, Charles,
_d1874-1932
245 1 4 _aThe Book of the Damned
_h[electronic resource] /
_cCharles Fort
260 _bProject Gutenberg,
_c2007
506 _aPublic domain in the USA.
516 _aElectronic text
653 _aMeteorology -- Miscellanea
653 _aAstronomy -- Miscellanea
830 0 _aProject Gutenberg
_v22472
856 4 0 _uhttp://www.gutenberg.org/ebooks/22472
942 _cEB
999 _c251727
_d251727